000 00894nam a2200253 i 4500
003 DO-SdBNP
005 20240305073656.0
007 ta
008 110413s2013 dr a 000 0 spa d
040 _aDO-SdBNP
_bspa
_cBNPHU
_erda
082 _axxxx
_bI73p
_222
100 _aIsa, Minerva
_936027
245 1 3 _aEl país que Duarte soñó :
_brecopilación de los artículos publicados en las páginas del periódico Hoy /
_cMinerva Isa, Eunice Lluberes ; presentación Bienvenido Alvarez Vega
264 1 _aSanto Domingo :
_bHoy,
_c2013.
300 _a103 páginas
_c28 cm.
336 _2rdacontent
_atexto
_btxt
337 _2rdamedia
_asin mediación
_bn
338 _2rdacarrier
_avolumen
_bnc
590 _aInventariado, 2023/ YL
700 1 _aSilié, Rubén,
_d1946-
_eAutora
_91421
700 _aAlvarez Vega, Bienvenido
_epresentación
_927120
910 _aYLockward
942 _2ddc
_cLBS1
999 _c54641
_d54641